Research Methods for Engineers.

Gardado en:
Detalles Bibliográficos
Autor Principal: Thiel, David V. (Author)
Formato: Unknown
Idioma:inglés
Publicado: Cambridge, United Kingdom: Cambridge University Press, 2014
Subjects:
Tags: Engadir etiqueta
Sen Etiquetas, Sexa o primeiro en etiquetar este rexistro!

MARC

LEADER 00000 a2200000 4500
003 CL-VaPUC
005 20230322172121.0
008 220408b2014 ||||| |||| 00| 0 eng d
999 |c 435340  |d 435338 
020 |a 978-1-107-61019-4 (paperback) 
040 |c Pontificia Universidad Católica de Valparaíso 
082 7 |a 001.42 THI 2014  |2 22 
100 |a Thiel, David V.   |9 868165  |e author 
245 1 |a Research Methods for Engineers. 
260 |a Cambridge, United Kingdom:  |b Cambridge University Press,  |c 2014 
300 |a 291 páginas. 
583 |k GC  |c 20220408 
650 0 |a Ingeniería   |9 259380  |x Investigación   |x Metodología  
942 |2 ddc  |c BK 
952 |0 0  |1 0  |2 ddc  |4 0  |6 001_420000000000000_THI_2014  |7 0  |8 A  |9 582516  |a BIBING  |b BIBING  |c GEN  |d 2022-04-08  |e 1  |g 0.00  |i 5650576  |l 2  |o 001.42 THI 2014  |p 5650576  |r 2024-01-25  |s 2023-05-16  |t 1  |v 0.00  |w 2022-04-08  |y BK  |k EII 
952 |0 0  |1 0  |2 ddc  |4 0  |6 001_420000000000000_THI_2014  |7 0  |8 A  |9 589212  |a BIBING  |b BIBING  |c GEN  |d 2023-03-22  |e 1  |g 40820.20  |i 5656824  |o 001.42 THI 2014  |p 5656824  |r 2024-01-25  |t 6  |v 40820.20  |w 2023-03-22  |y BK  |k EIE 
952 |0 0  |1 0  |2 ddc  |4 0  |6 001_420000000000000_THI_2014  |7 0  |8 A  |9 589213  |a BIBING  |b BIBING  |c GEN  |d 2023-03-22  |e 1  |g 40820.20  |i 5656823  |o 001.42 THI 2014  |p 5656823  |r 2024-01-25  |t 5  |v 40820.20  |w 2023-03-22  |y BK  |k EIE 
952 |0 0  |1 0  |2 ddc  |4 0  |6 001_420000000000000_THI_2014  |7 0  |8 A  |9 589214  |a BIBING  |b BIBING  |c GEN  |d 2023-03-22  |e 1  |g 40820.20  |i 5656821  |o 001.42 THI 2014  |p 5656821  |r 2024-01-25  |t 3  |v 40820.20  |w 2023-03-22  |y BK  |k EIE 
952 |0 0  |1 0  |2 ddc  |4 0  |6 001_420000000000000_THI_2014  |7 0  |8 A  |9 589215  |a BIBING  |b BIBING  |c GEN  |d 2023-03-22  |e 1  |g 40820.20  |i 5656822  |o 001.42 THI 2014  |p 5656822  |r 2024-01-25  |t 4  |v 40820.20  |w 2023-03-22  |y BK  |k EIE 
952 |0 0  |1 0  |2 ddc  |4 0  |6 001_420000000000000_THI_2014  |7 0  |8 A  |9 589216  |a BIBING  |b BIBING  |c GEN  |d 2023-03-22  |e 1  |g 40820.20  |i 5656820  |l 2  |o 001.42 THI 2014  |p 5656820  |r 2024-01-25  |s 2023-05-25  |t 2  |v 40820.20  |w 2023-03-22  |y BK  |k EIE 
952 |0 0  |1 0  |2 ddc  |4 0  |6 001_420000000000000_THI_2014  |7 0  |8 A  |9 589218  |a BIBING  |b BIBING  |c GEN  |d 2023-03-22  |e 1  |g 40820.20  |i 5656825  |o 001.42 THI 2014  |p 5656825  |r 2024-01-25  |t 7  |v 40820.20  |w 2023-03-22  |y BK  |k EIE 
952 |0 0  |1 0  |2 ddc  |4 0  |6 001_420000000000000_THI_2014  |7 0  |8 A  |9 589219  |a BIBING  |b BIBING  |c GEN  |d 2023-03-22  |e 1  |g 40820.20  |i 5656828  |o 001.42 THI 2014  |p 5656828  |r 2024-01-25  |t 10  |v 40820.20  |w 2023-03-22  |y BK  |k EIE 
952 |0 0  |1 0  |2 ddc  |4 0  |6 001_420000000000000_THI_2014  |7 0  |8 A  |9 589220  |a BIBING  |b BIBING  |c GEN  |d 2023-03-22  |e 1  |g 40820.20  |i 5656827  |l 1  |o 001.42 THI 2014  |p 5656827  |r 2024-01-25  |s 2023-05-02  |t 9  |v 40820.20  |w 2023-03-22  |y BK  |k EIE 
952 |0 0  |1 0  |2 ddc  |4 0  |6 001_420000000000000_THI_2014  |7 0  |8 A  |9 589221  |a BIBING  |b BIBING  |c GEN  |d 2023-03-22  |e 1  |g 40820.20  |i 5656829  |o 001.42 THI 2014  |p 5656829  |r 2024-01-25  |t 11  |v 40820.20  |w 2023-03-22  |y BK  |k EIE 
952 |0 0  |1 0  |2 ddc  |4 0  |6 001_420000000000000_THI_2014  |7 0  |8 A  |9 589222  |a BIBING  |b BIBING  |c GEN  |d 2023-03-22  |e 1  |g 40820.20  |i 5656826  |o 001.42 THI 2014  |p 5656826  |r 2024-01-25  |t 8  |v 40820.20  |w 2023-03-22  |y BK  |k EIE